| 000 | 02626nam2a22003851 4500 | ||
|---|---|---|---|
| 001 | rc\3517763 | ||
| 005 | 20260406142544.0 | ||
| 035 | _a(NLR Aleph) 007621659 | ||
| 090 |
_a5926987 _c5926987 |
||
| 100 | _a20130115d1972 |||y0rusy50 ca | ||
| 101 | 0 | _arus | |
| 102 | _aRU | ||
| 105 | _ay z ||||| | ||
| 200 | 1 | _a[В.И. Ленин | |
| 210 |
_aМосква _cХудож. лит. _d1972 |
||
| 215 | _a567 с. | ||
| 423 | 0 |
_11010#$arus _12001#$aЛитера "Т" _153213$aЛитера Т _1700#1$aИванов$bВ. _tЛитера "Т" _aИванов, В. |
|
| 423 | 0 |
_11010#$arus _12001#$aПисьмо в вечность _1700#1$aЯновский$bЮ. _tПисьмо в вечность _aЯновский, Ю. |
|
| 423 | 0 |
_11010#$arus _12001#$aПрозрение слепых _1700#1$aКаххар$bА. _tПрозрение слепых _aКаххар, А. |
|
| 423 | 0 |
_11010#$arus _12001#$aДоктор Абрамович _1700#1$aБергельсон$bД. _tДоктор Абрамович _aБергельсон, Д. |
|
| 423 | 0 |
_11010#$arus _12001#$aМеседо _1700#1$aФатуев$bР. _tМеседо _aФатуев, Р. |
|
| 423 | 0 |
_11010#$arus _12001#$aОсвобожденные _1700#1$aУпит$bА. М.$gАндрей Мартынович$f1877-1970$3RU\NLR\AUTH\770227040 _tОсвобожденные _aУпит, Андрей Мартынович (1877-1970) |
|
| 423 | 0 |
_11010#$arus _12001#$aПилипко _1700#1$aГоловко$bА. _tПилипко _aГоловко, А. |
|
| 423 | 0 |
_11010#$arus _12001#$aСергей Коряга _1700#1$aКолас$bЯ. _tСергей Коряга _aКолас, Я. |
|
| 423 | 0 |
_11010#$arus _12001#$aНочлег в деревне Синеги _1700#1$aЧорный$bК. _tНочлег в деревне Синеги _aЧорный, К. |
|
| 461 | 0 |
_1001rc\3517762 _12001#$aВ семье великой$eРассказы сов. писателей$eВ 2 т.$f[Сост. и вступ. статья, с. 5-29, И.Н. Крамова]. Т. 1-2$vТ. 1 _95926981 _cМосква _d1972 _f[Сост. и вступ. статья, с. 5-29, И.Н. Крамова]. Т. 1-2 _nХудож. лит. _oРассказы сов. писателей : В 2 т. _p2 т. _tВ семье великой _vТ. 1 |
|
| 532 | 1 | 0 | _aВладимир Ильич Ленин |
| 700 | 1 |
_8rus _7ca _aГорький _bМ. _f1868-1936 _gМаксим _3RU\NLR\AUTH\77104 _9110200 |
|
| 702 | 1 |
_4570 _8rus _7ca _aЛенин _bВ. И. _f1870-1924 _gВладимир Ильич _3RU\NLR\AUTH\773584 _9113579 |
|
| 801 | 0 |
_aRU _bNLR _gpsbo |
|
| 801 | 1 |
_aRU _bELAR _2rusmarc |
|
| 852 |
_aNLR _j72-3/7728 |
||
| 942 | _cBOOK | ||
| 980 | _aNB | ||